000 00387nam a2200181Ia 4500
008 221030s9999 xx 000 0 und d
020 _a8120309448
041 _aEnglish
082 _a105.23
_bHea
100 _aD. Hearn
245 0 _aComputer Graphics
250 _a2nd
260 _bPHI
_aIndia
_c2006
300 _a652
650 _aComputers
700 _aM.P. Baker
942 _cBK
999 _c850
_d850